| 000 | 00879cam a2200205 4500 | ||
|---|---|---|---|
| 001 | ##L134329 | ||
| 008 | 060726n2006 000 0 eng u | ||
| 035 | _a(Sirsi) u134329 | ||
| 041 | 0 | _aeng | |
| 050 | 0 | 4 | _a692.5 $2 18 |
| 110 | 2 |
_aEC Harris _94930 |
|
| 245 | 0 | 0 | _aGlobal building costs |
| 260 |
_aLondon _bEC Harris _c2006 |
||
| 520 | _aPresents a summary of the results and analysis of a survey carried out in Spring 2006 across EC Harris offices around the world. Finds that the majority of new EU countries have building costs around half those of the UK, whereas Denmark, Sweden, and Switzerland are consistently more expensive than the UK. Table and graph. | ||
| 590 | _aIKA010806 NTK | ||
| 651 | 4 | _aEUROPEAN | |
| 690 | _aBUILT ENVIRONMENT-BUILDING COSTS | ||
| 856 | 4 | 0 |
_uhttps://www.echarris.com _zView the item free of charge at www.echarris.com... |
| 942 | _n0 | ||
| 999 |
_c105650 _d105650 |
||